| 000 | 00687nam a22002417a 4500 | ||
|---|---|---|---|
| 003 | UA-OsUOA | ||
| 001 | 77287 | ||
| 007 | ta | ||
| 008 | 20110906b un ||||| |||| 00| 0 ukr d | ||
| 100 | _aАлексеев С.С. | ||
| 090 |
_a347 _bА47 |
||
| 942 | _cBK | ||
| 040 |
_aUA-OsUOA _brus _cUA-OsUOA _dUA-OsUOA |
||
| 245 |
_aИзбранное _bНаука права. Общесоциальные проблемы. Публицистика |
||
| 300 | _a480 с. | ||
| 955 | _a2 | ||
| 041 | _arus | ||
| 080 | _a347 | ||
| 020 | _a5-8354-0136-1 | ||
| 260 |
_aМ. _bСтатут _c2003 |
||
| 650 | 7 |
_a347 Цивільне право. Судовий устрій _2UDC |
|
| 999 |
_c363598 _d363598 |
||